| 000 | 00525nam a22001817a 4500 | ||
|---|---|---|---|
| 005 | 20260513170410.0 | ||
| 008 | 260513b |||||||| |||| 00| 0 eng d | ||
| 020 | _a9781138492165 | ||
| 041 | _aEng | ||
| 082 | _a910.68 SLO | ||
| 100 | _aSlocum, Susan L. | ||
| 245 | _aThe Business of Sustainable Tourism Development and Management | ||
| 260 |
_aLondon _bRoutledge _c2020 |
||
| 300 | _a327;. P. 23 cm | ||
| 650 | _aSustainable tourism--Economic aspects; Tourism--Management | ||
| 700 | _aAidoo, Abena | ||
| 942 | _cBK | ||
| 999 |
_c46574 _d46574 |
||